NBA players who changed teams(2021) - Statistics

General Stats
  • This quiz has been taken 297 times
  • The average score is 13 of 19
Answer Stats
Teams-Switched Player % Correct
rockets-wizards Russell Westbrook
92%
pelicans-bucks Jrue Holiday
83%
wizards-rockets John Wall
82%
Clippers-Lakers Montrez Harrel
81%
thunder-suns Chris Paul
77%
lakers-76ers Dwight Howard
76%
bucks-pelicans Eric Bledsoe
74%
mavericks-76ers Seth Curry
73%
thunder-76ers Danny green
72%
thunder-pelicans Steven Adams
72%
thunder-lakers Dennis Schroder
71%
76ers-thunder Al horford
67%
heat-suns Jae Crowder
67%
nuggets-pistons Jerami Grant
66%
kings-hawks Bogdan Bogdanović
65%
thunder-hawks Danilo Gallinari
64%
pistons-rockets Christian Wood
63%
thunder-warriors Kelly Oubre Jr
59%
thunder-timberwolves Ricky Rubio
39%
No matching quizzes found
Score Distribution
Percent of People with Each Score
Percentile by Number Answered
Your Score History
You have not taken this quiz